书目信息 |
| 题名: |
韩语40音一看就上手
|
|
| 作者: | 云心 主编 | |
| 分册: | ||
| 出版信息: | 北京 机械工业出版社 2017.01 |
|
| 页数: | 228页 | |
| 开本: | 24cm | |
| 丛书名: | 语言梦工厂 | |
| 单 册: | ||
| 中图分类: | H551 | |
| 科图分类: | ||
| 主题词: | 朝鲜语--语音--自学参考资料 | |
| 电子资源: | ||
| ISBN: | 978-7-111-53950-6 | |
| 000 | 00975oam2 2200277 450 | |
| 001 | 0100004088 | |
| 005 | 20170316155048.2 | |
| 010 | @a978-7-111-53950-6@dCNY36.80 | |
| 100 | @a20170316d2017 em y0chiy50 ea | |
| 101 | 0 | @achi@akor |
| 102 | @aCN@b110000 | |
| 105 | @aa z 000yy | |
| 106 | @ar | |
| 200 | 1 | @a韩语40音一看就上手@Ahan yu 40 yin yi kan jiu shang shou@f云心主编 |
| 210 | @a北京@c机械工业出版社@d2017.01 | |
| 215 | @a228页@c图@d24cm | |
| 225 | 2 | @a语言梦工厂 |
| 330 | @a本书包含三大章节,分别针对对韩语的大致了解、韩语语音学习以及韩语口语入门会话和单词的学习。在韩语语音学习的主体部分,通过发音、书写、位置、单词、短语几个环节,让读者能循序渐进、一层一层地熟悉和掌握韩语语音知识,轻松实现韩语发音入门。 | |
| 333 | @a韩语初学者 | |
| 410 | 0 | @12001 @a语言梦工厂 |
| 606 | 0 | @a朝鲜语@x语音@j自学参考资料 |
| 610 | 0 | @a韩国语 |
| 690 | @aH551@v5 | |
| 701 | 0 | @a云心@Ayun xin@4主编 |
| 801 | 0 | @aCN@c201701015 |
| 905 | @a河南城建学院图书馆@dH551@eY983 | |
| 韩语40音一看就上手/云心主编.-北京:机械工业出版社,2017.01 |
| 228页:图;24cm.-(语言梦工厂) |
| 使用对象:韩语初学者 |
| ISBN 978-7-111-53950-6:CNY36.80 |
| 本书包含三大章节,分别针对对韩语的大致了解、韩语语音学习以及韩语口语入门会话和单词的学习。在韩语语音学习的主体部分,通过发音、书写、位置、单词、短语几个环节,让读者能循序渐进、一层一层地熟悉和掌握韩语语音知识,轻松实现韩语发音入门。 |
| ● |
| 相关链接 |
|
|
|
正题名:韩语40音一看就上手
索取号:H551/Y983
 
预约/预借
| 序号 | 登录号 | 条形码 | 馆藏地/架位号 | 状态 | 备注 |
| 1 | 1363008 | 213630089 | 语言库209/209语言库 136排2列6层/ [索取号:H551/Y983] | 在馆 | |
| 2 | 1363009 | 213630098 | 语言库209/209语言库 136排2列6层/ [索取号:H551/Y983] | 在馆 |